Chemie pro všechny /
Uložené v:
| Hlavný autor: | |
|---|---|
| Médium: | Kniha |
| Jazyk: | Czech |
| Vydavateľské údaje: |
Praha :
SNTL,
1990
|
| Tagy: |
Žiadne tagy, Buďte prvý, kto otaguje tento záznam!
|
MARC
| LEADER | 00000nam a22000003a 4500 | ||
|---|---|---|---|
| 001 | stu17236 | ||
| 005 | 20150617225754.6 | ||
| 008 | 910404s1990----cs------------------cze-d | ||
| 020 | |a 80-03-00500-0 | ||
| 040 | |a STU |b slo | ||
| 041 | 0 | |a cze | |
| 044 | |a cs | ||
| 080 | |a 66(03) | ||
| 080 | |a 54(03) | ||
| 100 | 1 | |a Večeřa, Zdeněk |4 aut | |
| 245 | 1 | |a Chemie pro všechny / |c [aut.]Večeřa,Zdeněk a kol | |
| 260 | |a Praha : |b SNTL, |c 1990 | ||
| 300 | |a 651 s : |b Obr.,tab.,grafy,lit | ||
| 996 | |b C87797 |c C*87797 |l CCVIIIB |s P |a 0 |w stu17236_0001 | ||
| 996 | |b C88046 |c C*88046 |l CCVI |s P |a 0 |w stu17236_0002 | ||
| 996 | |b C88550 |c C*88550 |l CCVI |s P |a 0 |w stu17236_0003 | ||